Formule 1 - Vainqueurs du GP d'Adélaïde, Australie - Statistiques

Statistiques générales
  • Ce quiz a été pris 31 fois
  • Le résultat moyen est 8 sur 11
Statistiques - réponses
Années Pilotes % Correct
1986 Alain Prost
96%
1988 Alain Prost
96%
1991 Ayrton Senna
96%
1993 Ayrton Senna
96%
1995 Damon Hill
92%
1994 Nigel Mansell
88%
1990 Nelson Piquet
79%
1987 Gerhard Berger
54%
1992 Gerhard Berger
54%
1989 Thierry Boutsen
42%
1985 Keke Rosberg
38%
Aucun quiz correspondant
Distribution des résultats
% des personnes avec chaque résultat
Percentile par nombre de réponses
Votre historique - résultats
Vous n’avez pas pris ce quiz